MARC details
| 000 -LEADER |
| campo de control de longitud fija |
01544cam a2200385Ka 4500 |
| 001 - NÚMERO DE CONTROL |
| campo de control |
94190 |
| 005 - FECHA Y HORA DE LA ÚLTIMA TRANSACCIÓN |
| campo de control |
20230410103700.0 |
| 008 - DATOS DE LONGITUD FIJA--INFORMACIÓN GENERAL |
| campo de control de longitud fija |
091102s2009 sp a 100 0 spa d |
| 035 ## - NÚMERO DE CONTROL DEL SISTEMA |
| Número de control de sistema |
(OCoLC)ocn464748801 |
| 040 ## - FUENTE DE CATALOGACIÓN |
| Centro catalogador/agencia de origen |
C3L |
| Centro/agencia transcriptor |
C3L |
| Centro/agencia modificador |
NGA |
| -- |
PL# |
| 020 ## - NÚMERO INTERNACIONAL ESTÁNDAR DEL LIBRO |
| Número Internacional Estándar del Libro |
9788493505493 |
| 020 ## - NÚMERO INTERNACIONAL ESTÁNDAR DEL LIBRO |
| Número Internacional Estándar del Libro |
8493505498 |
| 029 0# - OTRO NÚMERO DE CONTROL DE SISTEMA (OCLC) |
| Identificador de la biblioteca OCLC |
C3L |
| Número de control de sistema |
60684211 |
| 035 ## - NÚMERO DE CONTROL DEL SISTEMA |
| Número de control de sistema |
(OCoLC)464748801 |
| 043 ## - CÓDIGO DE ÁREA GEOGRÁFICA |
| Código de área geográfica |
e------ |
| -- |
e-po--- |
| -- |
e-sp--- |
| -- |
e-dk--- |
| 050 14 - SIGNATURA TOPOGRÁFICA DE LA BIBLIOTECA DEL CONGRESO |
| Número de clasificación |
315 DP 208 |
| Número de ítem |
D618 2009 |
| 049 ## - FONDOS LOCALES (OCLC) |
| Biblioteca depositaria |
GRAL |
| 245 03 - MENCIÓN DEL TÍTULO |
| Título |
La División de la Romana : |
| Resto del título |
un ejército ilustrado / |
| Mención de responsabilidad, etc. |
[coordinación, Ignacio Sánchez Fajardo] |
| 260 ## - PUBLICACIÓN, DISTRIBUCIÓN, ETC. |
| Lugar de publicación, distribución, etc. |
Madrid : |
| Nombre del editor, distribuidor, etc. |
Fundación Arte Hispánico, |
| Fecha de publicación, distribución, etc. |
c2009. |
| 300 ## - DESCRIPCIÓN FÍSICA |
| Extensión |
367 p. : |
| Otras características físicas |
col. ill. ; |
| Dimensiones |
31 cm. |
| 500 ## - NOTA GENERAL |
| Nota general |
Published as a result of a series of conferences held between Jan. 29 and Feb. 1, 2008 commemorating General Romana's expedition to Denmark. |
| 504 ## - NOTA DE BIBLIOGRAFÍA, ETC. |
| Nota de bibliografía, etc. |
Includes bibliographical references (p. 366). |
| 600 10 - PUNTO DE ACCESO ADICIONAL DE MATERIA--NOMBRE DE PERSONA |
| Nombre de persona |
Romana, Pedro Caro y Sureda, |
| Títulos y otros términos asociados al nombre |
marqués de la, |
| Fechas asociadas al nombre |
1761-1811 |
| Subdivisión de forma |
Congresses. |
| 650 #0 - PUNTO DE ACCESO ADICIONAL DE MATERIA--TÉRMINO DE MATERIA |
| Término de materia o nombre geográfico como elemento de entrada |
Peninsular War, 1807-1814 |
| Subdivisión de forma |
Congresses. |
| 651 #0 - PUNTO DE ACCESO ADICIONAL DE MATERIA--NOMBRE GEOGRÁFICO |
| Nombre geográfico |
Spain |
| Subdivisión general |
History |
| Subdivisión cronológica |
Napoleonic Conquest, 1808-1813 |
| Subdivisión de forma |
Congresses. |
| 651 #0 - PUNTO DE ACCESO ADICIONAL DE MATERIA--NOMBRE GEOGRÁFICO |
| Nombre geográfico |
Spain |
| Subdivisión general |
History |
| Subdivisión cronológica |
Charles IV, 1788-1808 |
| Subdivisión de forma |
Congresses. |
| 651 #0 - PUNTO DE ACCESO ADICIONAL DE MATERIA--NOMBRE GEOGRÁFICO |
| Nombre geográfico |
Denmark |
| Subdivisión general |
History |
| Subdivisión cronológica |
War of 1807-1814 |
| Subdivisión de forma |
Congresses. |
| 610 10 - PUNTO DE ACCESO ADICIONAL DE MATERIA--NOMBRE DE ENTIDAD CORPORATIVA |
| Nombre de entidad corporativa o nombre de jurisdicción como elemento de entrada |
Spain. |
| Unidad subordinada |
Ejército |
| Subdivisión general |
History |
| Subdivisión cronológica |
19th century |
| Subdivisión de forma |
Congresses. |
| 700 1# - ENTRADA AGREGADA--NOMBRE PERSONAL |
| Nombre de persona |
Sánchez Fajardo, Ignacio. |
| 938 ## - |
| -- |
Casalini Libri |
| -- |
CASA |
| -- |
60684211 |
| -- |
89.00 EUR |
| 938 ## - |
| -- |
Puvill Libros |
| -- |
PUVL |
| -- |
9788493505493 |
| -- |
$153.29 |
| 942 ## - ELEMENTOS DE ENTRADA SECUNDARIOS (KOHA) |
| Fuente del sistema de clasificación o colocación |
Clasificación de Library of Congress |
| Tipo de ítem Koha |
|
| 994 ## - |
| -- |
C0 |
| -- |
DRFGD |
| 946 ## - PROCESAMIENTO DE INFORMACIÓN LOCAL (OCLC) |
| a |
JP |